|
|
|
|
| LEADER |
00000cam a2200000 a 4500 |
| 001 |
vtls001474075 |
| 003 |
SK-MaSNL |
| 005 |
20260301122053.0 |
| 008 |
240315s1964 xr 0000e cze |
| 035 |
|
|
|a SNK000429377
|
| 040 |
|
|
|a SNK
|b slo
|c SNK
|e AACR2
|
| 041 |
1 |
|
|a cze
|h [fre]
|
| 044 |
|
|
|a xr
|c CZ
|
| 072 |
|
7 |
|a 821.133.1.09
|x Francúzska literatúra, francúzsky písaná (o nej)
|2 konspekt
|
| 080 |
|
|
|a 821.133.1
|2 2011
|
| 080 |
|
|
|a 82-93-053.4/.5
|2 2011
|
| 080 |
|
|
|a 398.3
|2 2011
|
| 080 |
|
|
|a 82.02"1850/19.."
|2 2011
|
| 080 |
|
|
|a (0:82-4)
|2 2011
|
| 100 |
1 |
|
|a Soriano, Marc,
|d 1918-1994
|4 aut
|9 221930
|
| 240 |
1 |
0 |
|a Superstition et réalisme dans la littérature enfantine en France
|l Česky
|
| 245 |
1 |
0 |
|a Pověra a realismus
|b ve francouzské dětské literatuře
|c Marc Soriano ; z [franc.] rukopisu Superstition et réalisme dans la littérature enfantine en France přel. Marie Tylkovská
|
| 250 |
|
|
|a 1. vyd.
|
| 260 |
|
|
|a Praha
|b Státní nakladatelství dětské knihy
|c 1964
|
| 300 |
|
|
|a 34 s.
|c 20 x 21 cm
|
| 366 |
|
|
|e 1100 výt.
|
| 490 |
1 |
|
|a Knižnice zlatého máje. Blok
|v sv. 2
|
| 500 |
|
|
|a Pravdepod. prelož. z fra.
|
| 500 |
|
|
|a Obsah. biograf. info. o autorovi
|
| 500 |
|
|
|a Brož.
|
| 650 |
0 |
7 |
|a francúzska literatúra
|2 SNKPH
|9 1186
|
| 650 |
0 |
7 |
|a literatúra pre deti
|2 SNKPH
|9 55721
|
| 650 |
0 |
7 |
|a povery
|2 SNKPH
|9 51369
|
| 650 |
0 |
7 |
|a realizmus (literatúra)
|2 SNKPH
|9 67597
|
| 650 |
0 |
7 |
|a French literature
|2 SNKPHeng
|9 317034
|
| 650 |
0 |
7 |
|a Children's literature
|2 SNKPHeng
|9 265394
|
| 650 |
0 |
7 |
|a Superstitions
|2 SNKPHeng
|9 329490
|
| 650 |
0 |
7 |
|a Realism (literature)
|2 SNKPHeng
|9 288868
|
| 655 |
|
7 |
|a eseje
|2 SNKPH
|9 57030
|
| 655 |
|
7 |
|a Essays
|2 SNKPHeng
|9 267540
|
| 700 |
1 |
|
|a Tylkovská, Marie
|4 trl
|9 467114
|
| 830 |
|
0 |
|a Knižnice zlatého máje
|p Blok
|9 467115
|
| 852 |
|
|
|a Štátna vedecká knižnica Banská Bystrica
|
| 958 |
|
|
|a OND
|
| 999 |
|
|
|c 731539
|d 733469
|
| 952 |
|
|
|a SNK
|b SNK
|y NEVYP
|7 0
|p 17A0427563
|o snkID 37501 D1
|i snkKIP 9858/64
|0 0
|1 1
|4 0
|d 2004-04-29
|l 0
|r 2005-01-02 00:00:00
|w 2026-02-23
|